00850nam a22002417a 450000500170000002000290001704000330004608200120007910000220009124500820011325000120019526000470020730000360025450001040029050400200039454600090041465000140042365000240043770000220046194200070048399900170049095201010050720251003135008.0 a0198773994cTZS 10,000/= aMCCLbeng.eAACR 2nd rev.ed. a330 LIP aRichard G. Lipsey aAn introduction to positive economics c/ Richard G. Lipsey, K. Alec Chrystal a7th ed. aOxford :bOxford University Press, c1995. axxii, 808 p. : bill. ;c26 cm. aSpine title: Positive economics 7th ed originally published: London : Weidenfeld and Nicolson, 1989 aIncludes index. aeng. aEconomics aInternational trade aChrystal K. Alec  cBK c11737d11737 00104070aMU002bMU002d2025-10-03l0o330 LIPp000400r2025-10-03 13:51:07t1w2025-10-03yBK